International Journal of Angiology (Запис № 457677)

МАРК-запис
000 -LEADER
fixed length control field 01458nas a22003015i 4500
001 - CONTROL NUMBER
control field 1615-5939
003 - CONTROL NUMBER IDENTIFIER
control field DE-He213
005 - DATE AND TIME OF LATEST TRANSACTION
control field 20200203195404.0
007 - PHYSICAL DESCRIPTION FIXED FIELD--GENERAL INFORMATION
fixed length control field cr nn 008mamaa
008 - FIXED-LENGTH DATA ELEMENTS--GENERAL INFORMATION
fixed length control field 150723s||||||||xxuuu poo|||||| b|EN |d
022 ## - INTERNATIONAL STANDARD SERIAL NUMBER
International Standard Serial Number 1615-5939
024 7# - OTHER STANDARD IDENTIFIER
Standard number or code 547
Source of number or code local
210 10 - ABBREVIATED TITLE
Abbreviated title Int J Angiol
245 10 - TITLE STATEMENT
Title International Journal of Angiology
Medium [electronic resource] /
Statement of responsibility, etc edited by John B. Chang.
264 #1 -
-- New York :
-- Springer New York :
-- Imprint: .
300 ## - PHYSICAL DESCRIPTION
Other physical details online resource.
310 ## - CURRENT PUBLICATION FREQUENCY
Current publication frequency Quarterly
520 ## - SUMMARY, ETC.
Summary, etc International Journal of Angiology is the official publication of the International College of Angiology. International Journal of Angiology is dedicated to promoting multi-disciplinary approaches to all aspects of vascular disease. The goal of the journal is to provide a medium for timely publication of scientific materials of interest to clinicians in the fields of cardiovascular medicine and surgery.
650 #0 - SUBJECT ADDED ENTRY--TOPICAL TERM
Topical term or geographic name as entry element Angiology.
650 14 - SUBJECT ADDED ENTRY--TOPICAL TERM
Topical term or geographic name as entry element Angiology.
-- http://scigraph.springernature.com/things/product-market-codes/H33010
700 1# - ADDED ENTRY--PERSONAL NAME
Personal name Chang, John B.
Relator term editor.
Relator code edt
-- http://id.loc.gov/vocabulary/relators/edt
710 2# - ADDED ENTRY--CORPORATE NAME
Corporate name or jurisdiction name as entry element SpringerLink (Online service)
776 08 - ADDITIONAL PHYSICAL FORM ENTRY
Display text Printed version:
International Standard Serial Number 1061-1711
856 40 - ELECTRONIC LOCATION AND ACCESS
Uniform Resource Identifier <a href="http://link.springer.com/journal/547">http://link.springer.com/journal/547</a>
Public note Hybrid
942 ## - ADDED ENTRY ELEMENTS (KOHA)
Koha item type ЕЖурнал

Немає доступних примірників.